[Event "BCF-ch U08 rapid"]
[Site "Hull"]
[Date "2024.07.27"]
[Round "9"]
[White "Dodukh, Artem"]
[Black "Singh, Amandeep4"]
[Result "1/2-1/2"]
[WhiteElo "1057"]
[BlackElo "1546"]
[PlyCount "95"]
[EventDate "2024.07.26"]
[EventType "swiss (rapid)"]
[EventRounds "9"]
[EventCountry "ENG"]
[SourceTitle "CBM 221 Extra"]
[Source "ChessBase"]
[SourceDate "2024.09.30"]
[SourceVersion "1"]
[SourceVersionDate "2024.09.30"]
[SourceQuality "1"]

1. Nf3 d5 2. g3 c5 3. Bg2 Nc6 4. 0-0 e6 5. d3 Bd6 6. Nbd2 Nge7 7. Re1 0-0 8. e4 Bd7 9. Nb3 Qc7 10. c3 f5 11. exf5 Nxf5 12. Ng5 Rae8 13. Qh5 h6 14. Nf3 Bc8 15. Bd2 d4 16. cxd4 cxd4 17. Rac1 Qe7 18. Bh3 Qf6 19. Bxf5 Qxf5 20. Qxf5 Rxf5 21. Nfxd4 Rf6 22. Nxc6 bxc6 23. Rxc6 Rd8 24. Be3 Bb8 25. Rec1 Rff8 26. Nd4 Bd7 27. Nxe6 Bxe6 28. Rxe6 Rxd3 29. Re7 Kh7 30. Bxa7 Bxa7 31. Rxa7 Rd2 32. Rcc7 Rfxf2 33. Rxg7+ Kh8 34. Rgb7 Rg2+ 35. Kf1 Rgf2+ 36. Ke1 Rfe2+ 37. Kf1 Rf2+ 38. Kg1 Rg2+ 39. Kf1 Rgf2+ 40. Ke1 Rfe2+ 41. Kf1 Rf2+ 42. Kg1 Rg2+ 43. Kf1 Rgf2+ 44. Ke1 Rfe2+ 45. Kf1 Rf2+ 46. Kg1 Rg2+ 47. Kf1 Rgf2+ 48. Ke1 1/2-1/2

[Event "BCF-ch U08 blitz"]
[Site "Hull"]
[Date "2024.07.25"]
[Round "4"]
[White "Dodukh, Artem"]
[Black "Hu, Junyan"]
[Result "1-0"]
[WhiteElo "1057"]
[BlackElo "1697"]
[PlyCount "83"]
[EventDate "2024.07.25"]
[EventType "swiss (blitz)"]
[EventRounds "9"]
[EventCountry "ENG"]
[SourceTitle "CBM 221 Extra"]
[Source "ChessBase"]
[SourceDate "2024.09.30"]
[SourceVersion "1"]
[SourceVersionDate "2024.09.30"]
[SourceQuality "1"]

1. Nf3 Nf6 2. g3 d5 3. Bg2 c5 4. 0-0 e6 5. d3 Bd6 6. Nbd2 0-0 7. e4 Nc6 8. Re1 Qc7 9. Qe2 Nd7 10. e5 Ndxe5 11. Nxe5 Nxe5 12. Nf3 Nxf3+ 13. Bxf3 b6 14. c4 Bb7 15. cxd5 exd5 16. Bg2 Bc6 17. b3 Rfe8 18. Qd2 Rxe1+ 19. Qxe1 Re8 20. Qd2 Be5 21. Rb1 h6 22. Bb2 a6 23. Qc2 Qd6 24. a3 a5 25. Ba1 b5 26. a4 b4 27. Qd2 Qf6 28. Bxe5 Qxe5 29. Rc1 Qd6 30. Qc2 c4 31. dxc4 dxc4 32. Qxc4 Bxg2 33. Kxg2 Re5 34. Qc2 Rd5 35. Qb1 g6 36. Qe4 Rd4 37. Qe8+ Kg7 38. Qb5 Rd5 39. Qe2 Qf6 40. Rb1 Qc3 41. h3 Re5 42. Qb2 1-0

[Event "BCF-ch U08 blitz"]
[Site "Hull"]
[Date "2024.07.25"]
[Round "3"]
[White "Singh, Amandeep"]
[Black "Dodukh, Artem"]
[Result "1-0"]
[WhiteElo "1546"]
[BlackElo "1057"]
[PlyCount "117"]
[EventDate "2024.07.25"]
[EventType "swiss (blitz)"]
[EventRounds "9"]
[EventCountry "ENG"]
[SourceTitle "CBM 221 Extra"]
[Source "ChessBase"]
[SourceDate "2024.09.30"]
[SourceVersion "1"]
[SourceVersionDate "2024.09.30"]
[SourceQuality "1"]

1. e4 g6 2. d4 Bg7 3. Nc3 d6 4. Nf3 Nf6 5. Bc4 0-0 6. Bf4 Nbd7 7. 0-0 b6 8. e5 dxe5 9. Nxe5 Nxe5 10. Bxe5 Bb7 11. Nb5 c6 12. Nc3 Qd7 13. Re1 Ng4 14. Bf4 e6 15. h3 Nh6 16. Qd2 Nf5 17. Ne2 Nxd4 18. Nxd4 Qxd4 19. Qxd4 Bxd4 20. c3 Bg7 21. a4 c5 22. a5 Rad8 23. axb6 axb6 24. Bc7 Rd2 25. Rab1 Ra8 26. Bxb6 Rc8 27. Red1 Rxd1+ 28. Rxd1 h6 29. f3 Kh7 30. Kf2 Bf6 31. Rd7 Bc6 32. Rxf7+ Bg7 33. Bxe6 Rb8 34. Bxc5 Rxb2+ 35. Kg3 Rc2 36. Bd4 Kh8 37. Bxg7+ Kh7 38. Bd4+ Kg8 39. Rc7+ Kf8 40. Rxc6 Ke7 41. Bc5+ Kd8 42. Rd6+ Kc7 43. Bf7 g5 44. Rxh6 Rd2 45. Be3 Rd3 46. Bxg5 Rxc3 47. h4 Rc4 48. Bf4+ Kb7 49. Bxc4 Kc8 50. Rf6 Kd7 51. h5 Ke7 52. Bg5 Ke8 53. h6 Ke7 54. h7 Kd7 55. Bb5+ Kc7 56. Rc6+ Kb7 57. h8Q Ka7 58. Be3+ Kb7 59. Qc8# 1-0